00773nam a2200181 a 4500003000200000005001700002008004100019050002900060100002300089245015200112260009000264300004000354504004100394650004300435650003900478650003100517650004300548020250619123908.0021128s19uu xx 00 eng d aPHS PN 1992.6b.Y44 2000 aYee, Kathrine Ann. aThe Effects of television on the study habits of high school students of Southville International School school year 1999-2000 /cKathrine Ann Yee. aLas Piñas City, Philippines :bSouthville International School and Colleges,c2000. a27 pages :billustrations ;c28 cm. aIncludes bibliographical references. aTelevision and teenagerszPhilippines. aTelevisionxPsychological aspects. aStudy habitszPhilippines. aMass media and educationzPhilippines.